000 00568nam a2200217Ia 4500
005 20250326144620.0
008 250326s9999 xx 000 0 und d
020 _a978-0-7546-2742-5
037 _aTextbook
040 _aFMSL
_beng
_cFMSL
041 _aeng
_2eng
084 _aX:9 P9
_qFMSL
100 _aKinley D
_9344731
245 0 _aHuman rights and corporations
_cKinley D
260 _aUSA
_bUSA, Ashgate
_c2009
300 _a540p
365 _b10273.200000000001
650 _aManagement
942 _cTB
_hX:9 P9
999 _c1304337
_d1304337